00604 a2200169 4500003000500000005001700005020001800022040000900040082001400049100001500063245003900078250001200117260005000129300002400179505020600203650002500409NUST20230113175338.0 a9788120333017 cNUST a372.6,SEN aSen, Leena aCommunication skills /cLeena Sen, a2nd ed. aPHI Learning Private LimitedbNew Delhic2007 axiii, 277 p.billus aManagerial Communication (Page-3), Verbal Communication and Presentation Skills (Page-69), Non-Verbal Communication (Page-159), Written Communication Communicating in a Multicultural World (Page-209). aCommunication Skills